Analýza a porovnanie jadrovej bezpečnosti tlakovodných reaktorov VVER 440 a rýchlych množivých reaktorov BN 800
Na minha lista:
| Autor principal: | |
|---|---|
| Outros Autores: | |
| Formato: | Manuscrito Livro |
| Idioma: | eslovaco |
| Publicado em: |
2016
|
| Assuntos: | |
| Acesso em linha: | http://is.stuba.sk/zp/portal_zp.pl?podrobnosti=120458 |
| Tags: |
Sem tags, seja o primeiro a adicionar uma tag!
|
MARC
| LEADER | 00000ntm a22000003a 4500 | ||
|---|---|---|---|
| 001 | stuzp58473 | ||
| 003 | SK-STU | ||
| 005 | 20160719155557.6 | ||
| 007 | ta | ||
| 008 | 150427s2015----xo-----f-mn---000-0-slo-d | ||
| 040 | |a STU |b slo | ||
| 041 | 0 | |a slo | |
| 100 | 1 | |a Ferenczyová, Alexandra |u 020020 |k Z4 |4 aut |U SjF Strojnícka fakulta |T SjF Ústav automatizácie, merania a aplikovanej informatiky |X 44303 |U J0020 |Y 802 |7 A000044303 | |
| 242 | 0 | 1 | |a The analysis and comparison of nuclear safety of pressurized water reactors VVER 440 and fast breed reactors BN 800 |y eng |
| 245 | 1 | 0 | |a Analýza a porovnanie jadrovej bezpečnosti tlakovodných reaktorov VVER 440 a rýchlych množivých reaktorov BN 800 |
| 260 | |c 2016 | ||
| 650 | 4 | |a jadrový reaktor |2 slo | |
| 650 | 4 | |a jadrová bezpečnosť |2 slo | |
| 650 | 4 | |a bezpečnostný systém |2 slo | |
| 650 | 4 | |a nuclear reactor |2 eng | |
| 650 | 4 | |a nuclear safety |2 eng | |
| 650 | 4 | |a safety system |2 eng | |
| 700 | 1 | |a Kureková, Eva |u 020020 |k Z1 |4 ths |U SjF Strojnícka fakulta |T SjF Ústav automatizácie, merania a aplikovanej informatiky |X 2392 |U J0020 |Y 802 |7 A000002392 | |
| 856 | 4 | |u http://is.stuba.sk/zp/portal_zp.pl?podrobnosti=120458 | |
| 996 | |b 284J044078 |c J* 2368/DP |l JJSK |s A |a 24 |w stuzp58473_0001 | ||
| SQL | |a stuzp58473 |b DDP |c SLO |d Analýza a porovnanie jadrovej bezpečnosti tlakovodných reaktorov VVER 440 a rýchlych množivých reaktorov BN 800 |e 44303 |f Ferenczyová, Alexandra |g 020020 |h 2392 |i Kureková, Eva |j 20160615 |k 648 |l 02 |m http://is.stuba.sk/zp/portal_zp.pl?podrobnosti=120458 |n I-MESK |o 5.2.53. meranie | ||